[Event "Joao Pessoa op"]
[Site "Joao Pessoa"]
[Date "2023.03.17"]
[Round "1"]
[White "Dos Anjos, Avner Augusto"]
[Black "Capistrano, Jair Juan De Araujo"]
[Result "1-0"]
[WhiteElo "1890"]
[BlackElo "1342"]
[PlyCount "71"]
[EventDate "2023.03.17"]
[EventType "swiss"]
[EventRounds "6"]
[EventCountry "BRA"]
[SourceTitle "EXT 2024"]
[Source "ChessBase"]
[SourceDate "2023.10.10"]
[SourceVersion "1"]
[SourceVersionDate "2023.10.10"]
[SourceQuality "1"]

1. e4 e5 2. Nc3 Nc6 3. Nf3 Nf6 4. Bb5 d6 5. d4 Bd7 6. Bg5 a6 7. Bxc6 Bxc6 8. dxe5 dxe5 9. Qxd8+ Rxd8 10. Nxe5 Be7 11. Nxc6 bxc6 12. 0-0 h6 13. Bxf6 Bxf6 14. e5 Be7 15. Rad1 0-0 16. Rxd8 Rxd8 17. Rd1 Rxd1+ 18. Nxd1 f6 19. exf6 Bxf6 20. Kf1 Kf7 21. Ke2 Ke6 22. Ke3 g6 23. Ke4 g5 24. c3 Be5 25. g3 g4 26. Ne3 h5 27. Ng2 Bd6 28. Nf4+ Bxf4 29. gxf4 Kf6 30. f3 c5 31. fxg4 hxg4 32. c4 c6 33. b3 a5 34. a4 Ke6 35. f5+ Kf6 36. Kf4 1-0

[Event "Pernambuco Magistral Gr-A"]
[Site "Recife"]
[Date "2021.11.12"]
[Round "7"]
[White "Alves Campelo, Danilo Cesar De"]
[Black "Dos Anjos, Avner Augusto"]
[Result "1-0"]
[WhiteElo "2017"]
[BlackElo "1923"]
[PlyCount "74"]
[EventDate "2021.10.09"]
[EventType "tourn"]
[EventRounds "7"]
[EventCountry "BRA"]
[SourceTitle "EXT 2023"]
[Source "ChessBase"]
[SourceDate "2022.10.05"]
[SourceVersion "1"]
[SourceVersionDate "2022.10.05"]
[SourceQuality "1"]

1. e4 c5 2. Nf3 Nc6 3. d4 cxd4 4. Nxd4 g6 5. Be3 Bg7 6. c4 Nf6 7. Nc3 d6 8. Be2 a5 9. Ndb5 0-0 10. 0-0 a4 11. f3 Qa5 12. Rc1 Ne5 13. h3 Be6 14. b3 axb3 15. axb3 Bd7 16. Ra1 Qxa1 17. Qxa1 Rxa1 18. Rxa1 Bxb5 19. Nxb5 Nxe4 20. fxe4 Nxc4 21. Bd4 Nd2 22. Bxg7 Kxg7 23. b4 Nxe4 24. Bf3 d5 25. Ra7 Rb8 26. Nc7 e6 27. Bxe4 dxe4 28. Nb5 Kf6 29. Nd6 Ke5 30. Rxb7 Rxb7 31. Nxb7 Kd5 32. Kf2 f5 33. Nc5 g5 34. Nd7 h6 35. b5 f4 36. Nf6+ Kc5 37. Nxe4+ Kxb5 1-0

[Event "BRA-ch 87th"]
[Site "Cuiaba"]
[Date "2021.10.31"]
[Round "6"]
[White "Do Valle Cardoso, Lucas"]
[Black "Dos Anjos, Avner Augusto"]
[Result "0-1"]
[WhiteElo "2285"]
[BlackElo "1923"]
[PlyCount "58"]
[EventDate "2021.10.28"]
[EventType "swiss"]
[EventRounds "11"]
[EventCountry "BRA"]
[SourceTitle "CBM 205 Extra"]
[Source "ChessBase"]
[SourceDate "2022.01.31"]
[SourceVersion "1"]
[SourceVersionDate "2022.01.31"]
[SourceQuality "1"]

1. e4 c5 2. Nf3 d6 3. d4 cxd4 4. Nxd4 Nf6 5. Nc3 a6 6. Be3 e5 7. Nb3 Be6 8. f3 h5 9. Qd2 Nbd7 10. Nd5 Bxd5 11. exd5 g6 12. Na5 Qc7 13. c4 b6 14. Nc6 Bg7 15. Be2 Nb8 16. Nxb8 Rxb8 17. 0-0 0-0 18. b4 Qb7 19. Rfd1 Rfd8 20. a4 Rd7 21. a5 bxa5 22. b5 axb5 23. cxb5 e4 24. Rxa5 exf3 25. gxf3 Re8 26. Ra7 Qb8 27. b6 Bh6 28. Ra8 Bxe3+ 29. Qxe3 Qxa8 0-1

[Event "BRA-ch 87th"]
[Site "Cuiaba"]
[Date "2021.10.30"]
[Round "4"]
[White "Zanette, Edgard Vinicius"]
[Black "Dos Anjos, Avner Augusto"]
[Result "1-0"]
[WhiteElo "2157"]
[BlackElo "1923"]
[PlyCount "43"]
[EventDate "2021.10.28"]
[EventType "swiss"]
[EventRounds "11"]
[EventCountry "BRA"]
[SourceTitle "CBM 205 Extra"]
[Source "ChessBase"]
[SourceDate "2022.01.31"]
[SourceVersion "1"]
[SourceVersionDate "2022.01.31"]
[SourceQuality "1"]

1. e4 c5 2. Nc3 Nc6 3. f4 e6 4. Nf3 Nf6 5. d3 d5 6. e5 Nd7 7. g3 a6 8. a4 f6 9. exf6 Nxf6 10. Bg2 Bd6 11. 0-0 0-0 12. Kh1 Rb8 13. d4 b5 14. axb5 axb5 15. dxc5 Bxc5 16. Qe2 b4 17. Na4 Nd4 18. Qd3 Nxf3 19. Nxc5 e5 20. Qxf3 e4 21. Qb3 Kh8 22. Be3 1-0

[Event "BRA-ch 87th"]
[Site "Cuiaba"]
[Date "2021.10.29"]
[Round "3"]
[White "Nascimento, Davi De Araujo"]
[Black "Dos Anjos, Avner Augusto"]
[Result "0-1"]
[WhiteElo "1628"]
[BlackElo "1923"]
[PlyCount "64"]
[EventDate "2021.10.28"]
[EventType "swiss"]
[EventRounds "11"]
[EventCountry "BRA"]
[SourceTitle "CBM 205 Extra"]
[Source "ChessBase"]
[SourceDate "2022.01.31"]
[SourceVersion "1"]
[SourceVersionDate "2022.01.31"]
[SourceQuality "1"]

1. e4 c5 2. Nc3 Nc6 3. Nge2 Nf6 4. g3 d5 5. exd5 Nxd5 6. Bg2 Nc7 7. d3 e5 8. Be3 Nd4 9. Qd2 Bg4 10. Bxd4 cxd4 11. Ne4 Be7 12. f4 f5 13. Nf2 Bxe2 14. Qxe2 Bb4+ 15. c3 dxc3 16. Qxe5+ Qe7 17. Qxe7+ Kxe7 18. 0-0-0 cxb2+ 19. Kxb2 Nb5 20. Bxb7 Rab8 21. Ba6 Nd4 22. Kc1 Rb6 23. Bc4 Rhb8 24. Rd2 Bxd2+ 25. Kxd2 Rb2+ 26. Ke3 Nc2+ 27. Kf3 Rb1 28. Rxb1 Rxb1 29. h3 Kd6 30. g4 Nd4+ 31. Ke3 Kc5 32. gxf5 Re1+ 0-1

[Event "Joao Pessoa de Assis Memorial 1st"]
[Site "Joao Pessoa"]
[Date "2019.11.17"]
[Round "5"]
[White "Dos Anjos, Avner Augusto"]
[Black "De Lima, Alexsandro Barros"]
[Result "0-1"]
[WhiteElo "1922"]
[BlackElo "2208"]
[PlyCount "56"]
[EventDate "2019.11.15"]
[EventType "swiss"]
[EventRounds "6"]
[EventCountry "BRA"]
[SourceTitle "EXT 2021"]
[Source "ChessBase"]
[SourceDate "2020.10.23"]
[SourceVersion "1"]
[SourceVersionDate "2020.10.23"]
[SourceQuality "1"]

1. d4 Nf6 2. c4 e6 3. Nf3 d5 4. Bf4 Bb4+ 5. Nbd2 dxc4 6. Qa4+ Nc6 7. a3 Bxd2+ 8. Bxd2 Qd5 9. e3 b5 10. Qc2 Bb7 11. Rc1 0-0 12. h4 a6 13. Rh3 h6 14. Nh2 e5 15. g4 exd4 16. g5 hxg5 17. hxg5 Qxg5 18. Nf3 Qd5 19. b3 c3 20. Bxc3 dxc3 21. Rd1 Qc5 22. Bd3 Rfd8 23. b4 Qe7 24. Ke2 Ne5 25. Bh7+ Kf8 26. Nd4 g6 27. Rg1 Rxd4 28. exd4 Nf3+ 0-1

[Event "Joao Pessoa de Assis Memorial 1st"]
[Site "Joao Pessoa"]
[Date "2019.11.16"]
[Round "4"]
[White "Barros, Rebeca Lopes de Sou"]
[Black "Dos Anjos, Avner Augusto"]
[Result "0-1"]
[WhiteElo "1754"]
[BlackElo "1922"]
[PlyCount "63"]
[EventDate "2019.11.15"]
[EventType "swiss"]
[EventRounds "6"]
[EventCountry "BRA"]
[SourceTitle "CBM 193 Extra"]
[Source "ChessBase"]
[SourceDate "2020.01.31"]
[SourceVersion "1"]
[SourceVersionDate "2020.01.31"]
[SourceQuality "1"]

1. Nf3 Nf6 2. g3 g6 3. Nc3 Bg7 4. Bg2 0-0 5. 0-0 c5 6. e4 d6 7. d4 Na6 8. e5 dxe5 9. dxe5 Qxd1 10. Rxd1 Ng4 11. Re1 Nb4 12. Re2 Bf5 13. h3 Nh6 14. Ne1 Nc6 15. f4 Nd4 16. Rf2 Rad8 17. Nd5 Rfe8 18. c3 Nc6 19. Rd2 Bc8 20. Nd3 c4 21. Nf2 Nf5 22. Ne4 h5 23. a4 Na5 24. Nc7 Rxd2 25. Bxd2 Rd8 26. Nb5 Nb3 27. Rd1 Ne3 28. Nd4 Nxd1 29. Nxb3 cxb3 30. Bc1 Bf5 31. Kf1 Bxe4 32. Bxe4 0-1

[Event "Joao Pessoa de Assis Memorial 1st"]
[Site "Joao Pessoa"]
[Date "2019.11.15"]
[Round "2"]
[White "Gomes, Carlos"]
[Black "Dos Anjos, Avner Augusto"]
[Result "0-1"]
[WhiteElo "1555"]
[BlackElo "1922"]
[PlyCount "56"]
[EventDate "2019.11.15"]
[EventType "swiss"]
[EventRounds "6"]
[EventCountry "BRA"]
[SourceTitle "CBM 193 Extra"]
[Source "ChessBase"]
[SourceDate "2020.01.31"]
[SourceVersion "1"]
[SourceVersionDate "2020.01.31"]
[SourceQuality "1"]

1. Nf3 Nf6 2. g3 g6 3. Bg2 Bg7 4. 0-0 0-0 5. Nc3 d6 6. d3 c5 7. Nd2 Nc6 8. Nd5 Be6 9. Nxf6+ Bxf6 10. Ne4 Bg7 11. Ng5 Bd7 12. c3 b5 13. Qc2 Rb8 14. b3 b4 15. Bb2 e5 16. Ne4 Qe7 17. e3 f5 18. Nd2 f4 19. exf4 exf4 20. Rfe1 Qd8 21. Bd5+ Kh8 22. c4 Nd4 23. Bxd4 Bxd4 24. Rab1 fxg3 25. Rf1 Qh4 26. hxg3 Qxg3+ 27. Kh1 Qh3+ 28. Kg1 Rf4 0-1

[Event "Joao Pessoa Fischer Memorial 10th"]
[Site "Joao Pessoa"]
[Date "2019.03.31"]
[Round "5"]
[White "Dos Anjos, Avner Augusto"]
[Black "De Araujo, Brenno Bernardo"]
[Result "1-0"]
[WhiteElo "1928"]
[BlackElo "2015"]
[PlyCount "91"]
[EventDate "2019.03.29"]
[EventType "swiss"]
[EventRounds "6"]
[EventCountry "BRA"]
[SourceTitle "CBM 190 Extra"]
[Source "ChessBase"]
[SourceDate "2019.07.15"]
[SourceVersion "1"]
[SourceVersionDate "2019.07.15"]
[SourceQuality "1"]

1. e4 e6 2. d4 d5 3. Nd2 Nf6 4. e5 Nfd7 5. Bd3 c5 6. c3 Nc6 7. Ne2 f5 8. Nf4 Qe7 9. Nf3 cxd4 10. 0-0 dxc3 11. bxc3 Ndxe5 12. Nxe5 Nxe5 13. Bxf5 exf5 14. Nxd5 Qd6 15. Re1 Be6 16. Bf4 Qxd5 17. Qxd5 Bxd5 18. Rxe5+ Be6 19. Rxe6+ Kf7 20. Re2 Ba3 21. Rb1 Rae8 22. Rxb7+ Kf6 23. Kf1 Bc5 24. Rb5 Rxe2 25. Kxe2 Re8+ 26. Kf3 Bb6 27. h4 h6 28. a4 Rc8 29. Be5+ Kg6 30. a5 Bd8 31. g3 Rc6 32. Ke3 Bc7 33. Bxc7 Rxc7 34. Kd4 Rd7+ 35. Rd5 Rc7 36. c4 Kf6 37. c5 Ke6 38. Rd6+ Ke7 39. a6 Rc8 40. Kd5 Rb8 41. Re6+ Kf7 42. Re2 Kf6 43. c6 Rb1 44. c7 Rd1+ 45. Kc6 Rc1+ 46. Kb7 1-0

[Event "Recife Arraes Memorial 10th"]
[Site "Recife"]
[Date "2017.10.08"]
[Round "5"]
[White "Assuncao, Jose Ribamar da Cos"]
[Black "Dos Anjos, Avner Augusto"]
[Result "0-1"]
[WhiteElo "1680"]
[BlackElo "1946"]
[PlyCount "70"]
[EventDate "2017.10.06"]
[EventType "swiss"]
[EventRounds "6"]
[EventCountry "BRA"]
[SourceTitle "CBM 181 Extra"]
[Source "ChessBase"]
[SourceDate "2017.12.12"]
[SourceVersion "1"]
[SourceVersionDate "2017.12.12"]
[SourceQuality "1"]

1. e4 c5 2. Nf3 d6 3. d4 cxd4 4. Nxd4 Nf6 5. Nc3 g6 6. h3 Bg7 7. Be3 0-0 8. Bc4 Nc6 9. Qd2 Nxe4 10. Nxe4 d5 11. Nxc6 bxc6 12. 0-0-0 Qc7 13. Bb3 dxe4 14. Bh6 Bxh6 15. Qxh6 c5 16. Qe3 c4 17. Qc3 Qf4+ 18. Qd2 Qxd2+ 19. Rxd2 cxb3 20. axb3 Be6 21. Rhd1 Rfc8 22. Kb1 f5 23. h4 Kf7 24. g3 h6 25. Rd4 g5 26. hxg5 hxg5 27. R1d2 Rc6 28. Rd1 Rh8 29. R4d2 Kf6 30. b4 f4 31. gxf4 gxf4 32. b3 Rh2 33. Kb2 Rd6 34. Rxd6 exd6 35. Rd2 e3 0-1

[Event "Recife Arraes Memorial 10th"]
[Site "Recife"]
[Date "2017.10.07"]
[Round "3"]
[White "Dos Anjos, Avner Augusto"]
[Black "Da Costa, Ozenildo Jose"]
[Result "0-1"]
[WhiteElo "1946"]
[BlackElo "1699"]
[PlyCount "101"]
[EventDate "2017.10.06"]
[EventType "swiss"]
[EventRounds "6"]
[EventCountry "BRA"]
[SourceTitle "CBM 181 Extra"]
[Source "ChessBase"]
[SourceDate "2017.12.12"]
[SourceVersion "1"]
[SourceVersionDate "2017.12.12"]
[SourceQuality "1"]

1. e4 c5 2. Nf3 Nc6 3. Bb5 e6 4. Bxc6 bxc6 5. c4 d5 6. Qa4 Bd7 7. d3 Bd6 8. 0-0 Ne7 9. Re1 0-0 10. Nc3 Ng6 11. Qc2 d4 12. Na4 e5 13. Bg5 f6 14. Bc1 Bg4 15. Nd2 Qd7 16. f3 Be6 17. b3 Qf7 18. Ba3 Nf4 19. Nf1 Qg6 20. Bxc5 Bxc5 21. Nxc5 Bh3 22. g3 h5 23. Red1 h4 24. Kf2 f5 25. Nd2 hxg3+ 26. hxg3 Ng2 27. Rg1 Ne3 28. Qb2 fxe4 29. dxe4 Qf6 30. Rae1 Bg4 31. Rxe3 dxe3+ 32. Kxe3 Qg5+ 33. Ke2 Qf6 34. Qc3 Rad8 35. Qe3 Bh5 36. g4 Bg6 37. b4 Rd4 38. Ncb3 Rd7 39. Rc1 Rfd8 40. Rc3 Qh4 41. Rc2 Rd3 42. Qxa7 Bf7 43. Qf2 Qg5 44. Qb6 Qh4 45. Qf2 Qe7 46. Qc5 Qf6 47. Qb6 Qf4 48. Qf2 Bg6 49. Nf1 Bf7 50. Nfd2 Qg5 51. Qh2 0-1

[Event "Santa Cruz Regional Norte zt"]
[Site "Santa Cruz"]
[Date "2017.05.07"]
[Round "5"]
[White "Dos Anjos, Avner Augusto"]
[Black "De Andrade, Dalson Holanda Cav"]
[Result "0-1"]
[WhiteElo "1957"]
[BlackElo "2060"]
[PlyCount "108"]
[EventDate "2017.05.05"]
[EventType "swiss"]
[EventRounds "6"]
[EventCountry "BRA"]
[SourceTitle "EXT 2018"]
[Source "ChessBase"]
[SourceDate "2017.10.13"]
[SourceVersion "1"]
[SourceVersionDate "2017.10.13"]
[SourceQuality "1"]

1. e4 c5 2. Nf3 d6 3. Bb5+ Bd7 4. Bxd7+ Qxd7 5. 0-0 Nf6 6. Qe2 Nc6 7. c3 e6 8. Rd1 Be7 9. d4 cxd4 10. cxd4 0-0 11. Nc3 Rfe8 12. e5 Nd5 13. Ne4 dxe5 14. dxe5 Qc7 15. Ng3 Rac8 16. Bd2 Qb6 17. Bg5 Bc5 18. Ne4 h6 19. Bxh6 gxh6 20. Rxd5 exd5 21. Nf6+ Kg7 22. Nxd5 Bxf2+ 23. Kh1 Qc5 24. Qe4 Re6 25. Qg4+ Rg6 26. Qxc8 Qxd5 27. Rf1 Nxe5 28. Qc3 f6 29. Rxf2 Nxf3 30. Qxf3 Qxa2 31. Qxb7+ Kh8 32. h3 Qa1+ 33. Kh2 Qa5 34. Re2 Qc5 35. Qb8+ Rg8 36. Qf4 Qg5 37. Rf2 Qxf4+ 38. Rxf4 Rf8 39. Kg3 Kg7 40. Ra4 Rf7 41. Kf4 Rb7 42. b4 Kg6 43. g4 Rc7 44. b5 Rc5 45. h4 h5 46. g5 fxg5+ 47. hxg5 Rf5+ 48. Ke4 Rf7 49. Ra5 h4 50. Ra1 Kxg5 51. Rg1+ Kh5 52. Rg8 h3 53. Ke5 Rh7 54. Kf4 h2 0-1

[Event "Joao Pessoa Fischer Memorial 8th"]
[Site "Joao Pessoa"]
[Date "2017.03.17"]
[Round "2"]
[White "Souza, Rafael Cabral de"]
[Black "Dos Anjos, Avner Augusto"]
[Result "1-0"]
[WhiteElo "2148"]
[BlackElo "1954"]
[PlyCount "95"]
[EventDate "2017.03.17"]
[EventType "swiss"]
[EventRounds "6"]
[EventCountry "BRA"]
[SourceTitle "CBM 177 Extra"]
[Source "ChessBase"]
[SourceDate "2017.04.27"]
[SourceVersion "1"]
[SourceVersionDate "2017.04.27"]
[SourceQuality "1"]

1. c4 Nf6 2. Nf3 g6 3. g3 Bg7 4. Bg2 0-0 5. Nc3 d6 6. 0-0 e5 7. d3 c6 8. Rb1 a5 9. a3 Na6 10. b4 axb4 11. axb4 Nc7 12. b5 c5 13. Ne1 Nd7 14. Nc2 Nb6 15. Bd2 f5 16. Ne3 f4 17. Ned5 Ncxd5 18. Nxd5 Be6 19. Nc3 Qc7 20. Ne4 h6 21. Ra1 Rxa1 22. Qxa1 Nd7 23. Qa7 d5 24. cxd5 Bxd5 25. Rc1 fxg3 26. hxg3 Rc8 27. Nxc5 Bxg2 28. Ne4 Qxc1+ 29. Bxc1 Bxe4 30. Bxh6 Bxh6 31. dxe4 Nc5 32. Qa2+ Kh7 33. Kg2 Bg7 34. Qd5 Rc7 35. e3 b6 36. Qd6 Rb7 37. Qc6 Rb8 38. Kh3 Rb7 39. Kg4 Kh6 40. f4 Kh7 41. f5 gxf5+ 42. exf5 Bf8 43. Qg6+ Kh8 44. f6 Rh7 45. Kf5 e4 46. g4 Rh1 47. Qf7 Rf1+ 48. Kg6 1-0

[Event "BRA-ch sf Reg2 83rd"]
[Site "Natal"]
[Date "2016.11.12"]
[Round "1"]
[White "Lemos, Doriedson"]
[Black "Dos Anjos, Avner Augusto"]
[Result "1-0"]
[WhiteElo "2173"]
[BlackElo "1956"]
[PlyCount "101"]
[EventDate "2016.11.12"]
[EventType "swiss"]
[EventRounds "7"]
[EventCountry "BRA"]
[SourceTitle "EXT 2018"]
[Source "ChessBase"]
[SourceDate "2017.10.13"]
[SourceVersion "1"]
[SourceVersionDate "2017.10.13"]
[SourceQuality "1"]

1. d4 Nf6 2. c4 g6 3. Nc3 Bg7 4. e4 d6 5. f3 0-0 6. Be3 Nc6 7. Qd2 a6 8. Nge2 Rb8 9. d5 Ne5 10. Nd4 c5 11. dxc6 Nxc6 12. Be2 Bd7 13. 0-0 Nxd4 14. Bxd4 b5 15. Rfd1 b4 16. Nd5 Nxd5 17. cxd5 Bxd4+ 18. Qxd4 Bb5 19. Bxb5 Rxb5 20. Rdc1 Qb6 21. Qxb6 Rxb6 22. Rc2 Re8 23. Rac1 f5 24. Kf2 Kf7 25. Ke3 Kf6 26. Kd4 Rb5 27. b3 h5 28. Rc6 Ra5 29. R1c2 e5+ 30. Kc4 fxe4 31. fxe4 Rd8 32. Kxb4 Rb5+ 33. Kc4 Ra5 34. a4 Rc5+ 35. Rxc5 dxc5 36. Rf2+ Ke7 37. Kxc5 Rc8+ 38. Kb4 Rb8+ 39. Kc4 a5 40. d6+ Ke6 41. Rd2 Rb4+ 42. Kc5 Kd7 43. Kd5 Rxb3 44. Kxe5 Re3 45. Kd5 Re1 46. Ke5 Ra1 47. Kf6 Rxa4 48. e5 Re4 49. Rc2 Rf4+ 50. Kxg6 Re4 51. Kf5 1-0

[Event "Recife Arraes Memorial 9th"]
[Site "Recife"]
[Date "2016.10.23"]
[Round "5.5"]
[White "Dos Anjos, Avner Augusto"]
[Black "Jordao Barbosa, Marcio Ferre"]
[Result "0-1"]
[WhiteElo "1966"]
[BlackElo "2042"]
[PlyCount "80"]
[EventDate "2016.10.21"]
[EventType "swiss"]
[EventRounds "6"]
[EventCountry "BRA"]
[SourceTitle "EXT 2022"]
[Source "ChessBase"]
[SourceDate "2021.10.06"]
[SourceVersion "1"]
[SourceVersionDate "2021.10.06"]
[SourceQuality "1"]

1. e4 e5 2. Nf3 Nc6 3. g3 Nf6 4. d3 d5 5. Nbd2 Bc5 6. Bg2 0-0 7. 0-0 h6 8. c3 a5 9. a4 Be6 10. Qe2 Nd7 11. exd5 Bxd5 12. Ne4 Be7 13. Be3 f5 14. Ned2 g5 15. Nc4 f4 16. gxf4 exf4 17. Bd4 g4 18. Nfe5 f3 19. Nxc6 bxc6 20. Qd1 Bf6 21. Re1 Bxd4 22. cxd4 fxg2 23. Qxg4+ Kh8 24. Ne5 Nxe5 25. dxe5 Qg5 26. Qd4 Qf4 27. Qxf4 Rxf4 28. e6 Re8 29. Re3 Rxe6 30. Rxe6 Bxe6 31. Kxg2 Bd5+ 32. Kf1 Rh4 33. Re1 Rxa4 34. Re8+ Kg7 35. Re7+ Kf6 36. Rxc7 Bf3 37. Ke1 Rb4 38. Ra7 Rxb2 39. Rxa5 Re2+ 40. Kf1 Rd2 0-1

[Event "Potiguar-ch sf"]
[Site "Natal"]
[Date "2016.09.18"]
[Round "6.3"]
[White "Negreiros, Ricardo Andre Medei"]
[Black "Dos Anjos, Avner Augusto"]
[Result "1/2-1/2"]
[WhiteElo "1897"]
[BlackElo "1948"]
[PlyCount "72"]
[EventDate "2016.09.16"]
[EventType "swiss"]
[EventRounds "6"]
[EventCountry "BRA"]
[SourceTitle "EXT 2022"]
[Source "ChessBase"]
[SourceDate "2021.10.06"]
[SourceVersion "1"]
[SourceVersionDate "2021.10.06"]
[SourceQuality "1"]

1. d4 Nf6 2. c4 g6 3. Nc3 Bg7 4. e4 d6 5. f4 0-0 6. Nf3 c5 7. d5 e6 8. Bd3 exd5 9. cxd5 Re8 10. 0-0 a6 11. a4 Nbd7 12. Qc2 Rb8 13. h3 Qc7 14. b3 c4 15. bxc4 Nc5 16. Rb1 Nfd7 17. Nd2 Nxd3 18. Qxd3 Nc5 19. Qf3 Bxc3 20. Qxc3 Nxa4 21. Qb4 Qc5+ 22. Qxc5 Nxc5 23. Re1 Bf5 24. Ba3 Bxe4 25. Rb6 Bd3 26. Rxe8+ Rxe8 27. Rxd6 Re1+ 28. Kh2 Ne4 29. Rd8+ Kg7 30. Nf3 Re2 31. Ne5 Nf2 32. Rd7 Be4 33. Rxf7+ Kg8 34. Rxb7 Nd1 35. Rb8+ Kg7 36. Rb7+ Kg8 1/2-1/2

[Event "Potiguar-ch sf"]
[Site "Natal"]
[Date "2016.09.16"]
[Round "2.7"]
[White "De Paiva, Gidilaf Xavier"]
[Black "Dos Anjos, Avner Augusto"]
[Result "0-1"]
[WhiteElo "1559"]
[BlackElo "1948"]
[PlyCount "122"]
[EventDate "2016.09.16"]
[EventType "swiss"]
[EventRounds "6"]
[EventCountry "BRA"]
[SourceTitle "EXT 2022"]
[Source "ChessBase"]
[SourceDate "2021.10.06"]
[SourceVersion "1"]
[SourceVersionDate "2021.10.06"]
[SourceQuality "1"]

1. d4 Nf6 2. c4 g6 3. Nc3 Bg7 4. Nf3 0-0 5. Bg5 d6 6. e3 Nbd7 7. Be2 c5 8. d5 Ne8 9. Qc2 Ne5 10. h3 a6 11. 0-0 Rb8 12. a4 b6 13. Rfd1 h6 14. Bh4 Bf5 15. Qb3 g5 16. Bg3 Ng6 17. Bd3 Bxd3 18. Rxd3 f5 19. Re1 Nf6 20. Nd2 Nd7 21. f4 Nf6 22. Rf1 Nh5 23. Bh2 Qd7 24. Qd1 Nf6 25. b3 Rf7 26. fxg5 hxg5 27. e4 f4 28. Nf3 g4 29. Ng5 g3 30. Bxg3 fxg3 31. Nxf7 Kxf7 32. Rxg3 Rh8 33. Qg4 Qxg4 34. Rxg4 Ne5 35. Rgf4 Bh6 36. Rf5 Be3+ 37. Kh1 Rh4 38. Ra1 Bd4 39. Rc1 Bxc3 40. Rxc3 Rxe4 41. g4 Kg6 42. Rg3 b5 43. cxb5 axb5 44. a5 Re1+ 45. Rg1 Re3 46. a6 Ned7 47. Ra1 Rxh3+ 48. Kg2 Rh8 49. Kg3 Nb6 50. Ra5 b4 51. Rb5 Nbxd5 52. Rb7 e6 53. Rf1 Ne4+ 54. Kg2 Ne3+ 55. Kf3 Nxf1 56. Kxe4 Nd2+ 57. Kd3 Nxb3 58. Rd7 d5 59. Rd6 c4+ 60. Kc2 Kf6 61. Rb6 Nd4+ 0-1

[Event "Natal-ch"]
[Site "Natal"]
[Date "2016.02.08"]
[Round "5"]
[White "Dos Anjos, Avner Augusto"]
[Black "De Morais, Alemberg Beserra"]
[Result "0-1"]
[WhiteElo "1974"]
[BlackElo "1704"]
[PlyCount "54"]
[EventDate "2016.02.06"]
[EventType "swiss"]
[EventRounds "6"]
[EventCountry "BRA"]
[SourceTitle "CBM 171 Extra"]
[Source "ChessBase"]
[SourceDate "2016.04.26"]
[SourceVersion "1"]
[SourceVersionDate "2016.04.26"]
[SourceQuality "1"]

1. e4 c6 2. d4 d5 3. exd5 cxd5 4. c4 Nf6 5. Nc3 e6 6. a3 Bd6 7. Nf3 0-0 8. Bd3 Nc6 9. 0-0 b6 10. Bg5 Be7 11. Re1 Bb7 12. Rc1 Rc8 13. cxd5 Nxd5 14. Ne4 Bxg5 15. Nexg5 h6 16. Ne4 Nf4 17. Bb1 Ne7 18. Qd2 Ned5 19. Rxc8 Bxc8 20. Rc1 Ba6 21. g3 Ne2+ 22. Kg2 Nxc1 23. Qxc1 Qc8 24. Qd1 Qc4 25. Nd6 Qc7 26. Qa4 Be2 27. Ne8 Qc1 0-1

[Event "Natal Potiguar op 10th"]
[Site "Natal"]
[Date "2015.07.05"]
[Round "5"]
[White "Pinto, Carlos Henrique Lop"]
[Black "Dos Anjos, Avner Augusto"]
[Result "0-1"]
[WhiteElo "2075"]
[BlackElo "1964"]
[PlyCount "106"]
[EventDate "2015.07.03"]
[EventType "swiss"]
[EventRounds "6"]
[EventCountry "BRA"]
[SourceTitle "CBM 167 Extra"]
[Source "ChessBase"]
[SourceDate "2015.09.14"]
[SourceVersion "1"]
[SourceVersionDate "2015.09.14"]
[SourceQuality "1"]

1. d4 Nf6 2. Bf4 g6 3. e3 Bg7 4. Nf3 0-0 5. h3 c5 6. c3 b6 7. Nbd2 Bb7 8. Be2 d6 9. 0-0 Nbd7 10. Re1 Qc7 11. Bh2 e5 12. dxe5 Nxe5 13. Nxe5 dxe5 14. Nc4 Nd5 15. Bf3 Rad8 16. Qb3 Qe7 17. a4 e4 18. Be2 Bc6 19. Red1 Qg5 20. Nd6 Nxe3 21. fxe3 Qxe3+ 22. Kf1 Bd4 23. Rxd4 cxd4 24. Bc4 Qg5 25. Kg1 e3 26. Qc2 Rxd6 27. Bxd6 Rd8 28. Rf1 Rxd6 29. Bxf7+ Kg7 30. cxd4 Rf6 31. Bc4 Rxf1+ 32. Bxf1 Qd5 33. Qd3 Qe4 34. Qxe4 Bxe4 35. Bc4 Kf6 36. Kf1 Kf5 37. g3 Bc2 38. b3 Bd1 39. Kg2 Ke4 40. d5 Bf3+ 41. Kf1 Ke5 42. d6 Kxd6 43. Bg8 h6 44. Bf7 g5 45. h4 Bd5 46. Be8 Ke5 47. Ke2 Kd4 48. hxg5 hxg5 49. b4 Bc4+ 50. Ke1 Kc3 51. a5 Kxb4 52. axb6 axb6 53. Bh5 Kc3 0-1

[Event "Natal Potiguar op 10th"]
[Site "Natal"]
[Date "2015.07.04"]
[Round "3"]
[White "Dos Anjos, Avner Augusto"]
[Black "Do Nascimento, Igor Oliveira"]
[Result "1-0"]
[WhiteElo "1964"]
[BlackElo "1543"]
[PlyCount "105"]
[EventDate "2015.07.03"]
[EventType "swiss"]
[EventRounds "6"]
[EventCountry "BRA"]
[SourceTitle "CBM 167 Extra"]
[Source "ChessBase"]
[SourceDate "2015.09.14"]
[SourceVersion "1"]
[SourceVersionDate "2015.09.14"]
[SourceQuality "1"]

1. e4 e5 2. Nc3 Nc6 3. Nf3 Bb4 4. Bb5 Nge7 5. 0-0 a6 6. Ba4 0-0 7. d3 d6 8. h3 f5 9. Bb3+ Kh8 10. Ng5 Qe8 11. Ne2 h6 12. Nf3 fxe4 13. dxe4 Qg6 14. Ng3 Be6 15. c3 Bc5 16. Bxe6 Qxe6 17. Nh4 Rf6 18. Ngf5 Nxf5 19. exf5 Qf7 20. Be3 Bxe3 21. fxe3 d5 22. Ng6+ Kg8 23. Qh5 Ne7 24. Nxe7+ Qxe7 25. Rad1 c6 26. Qe2 Qc5 27. Kh1 Raf8 28. e4 Rd8 29. Qf2 Qxf2 30. Rxf2 d4 31. cxd4 exd4 32. e5 Rf7 33. g4 c5 34. Rc2 b6 35. Rc4 Re7 36. e6 Kh7 37. b4 Rc8 38. Rdxd4 Rec7 39. bxc5 Rxc5 40. Rxc5 bxc5 41. Rc4 Kg8 42. Kg2 Kf8 43. Kf3 Ke7 44. Ke4 Kd6 45. Rc3 Rb8 46. Rd3+ Kc6 47. Ke5 Rb2 48. Rd6+ Kb7 49. Rd7+ Kc6 50. Rxg7 Re2+ 51. Kf6 c4 52. g5 c3 53. gxh6 1-0

[Event "Natal Potiguar op 10th"]
[Site "Natal"]
[Date "2015.07.03"]
[Round "2"]
[White "De Oliveira, Moises Alves Leite"]
[Black "Dos Anjos, Avner Augusto"]
[Result "0-1"]
[WhiteElo "1800"]
[BlackElo "1964"]
[PlyCount "29"]
[EventDate "2015.07.03"]
[EventType "swiss"]
[EventRounds "6"]
[EventCountry "BRA"]
[SourceTitle "CBM 167 Extra"]
[Source "ChessBase"]
[SourceDate "2015.09.14"]
[SourceVersion "1"]
[SourceVersionDate "2015.09.14"]
[SourceQuality "1"]

1. e4 c5 2. c3 e6 3. d4 d5 4. e5 Nc6 5. Nf3 Qb6 6. Qb3 Qc7 7. Be3 c4 8. Qc2 Be7 9. Nbd2 f6 10. Bf4 g5 11. Bg3 f5 12. h4 g4 13. Ng5 h6 14. Nh3 gxh3 15. Rxh3 0-1